000 01549nam a2200241Ia 4500
003 Ost
005 20260507075055.0
008 260507s9999||||xx |||||||||||||| ||und||
040 _cfsecg
041 _aara
082 _a910.133
100 _aحسن، محمد ابراهيم
_eمؤلف
245 0 _aالأرض والموارد والانتاج دراسة تحليلية مقارنة /
_c محمد ابراهيم حسن
260 _aالإسكندرية:
_bمؤسسة شباب الجامعة,
_c2004
300 _a516 صفحة؛
_bإيضاحات ؛
_c24 سم
504 _aبيبليوغرافيا ص.14
520 _aالأرض البنية والتضاريس،المناخ والأقاليم المناخية والنباتية مقوم طبيعي للإنتاج،التربة وبنيتها وعوامل تكوينها مقوم طبيعي للإنتاج،البيئة والإنسان مقوم بشري في الانتاج،نمو السكان وتنوع الكثافة السكانية مقوم بشري للإنتاج في دراسة اقليمية مقارنة امريكا الأنجلوسكسونية،الموارد والإنتاج أو علم الجغرافية الإقتصادية،النشاط الاقتصادي لأمريكا الأنجلوسكسونية،الزراعة العربية ومظاهرها
653 _aالأحوال الإقتصادية
653 _aالانتاج
653 _aالجغرافيا الإقتصادية - التجارة الدولية
653 _aالزراعة
942 _cكتاب
999 _c42730
_d42730